01093nam a22003137i 4500001000800000003001000008007000500018008004100023040003500064041000800099043000700107084000700114100003600121245013000157264001100287300005600298336002700354337003300381338002800414504004200442650002100484650002100505650002800526650002000554700002600574700002400600710008500624773007000709B-12597CO-BoFNCPt|| 090911s2008 ck r spa d  aCO-BoFNCPbspacCO-BoFNCPerda aspa ack aA-1 aRocha S., Pedro J.eautor.4aut10aEnsayo exploratorio de microorganismos nativos útiles para la biodegradación de glifosato en cultivos de palma de aceite. 4c©2008 apáginas 1-4 :bTablas, gráficos, fotografías. atextobtxt2rdacontent asin mediaciónbn2rdamedia avolumenbnc2rdacarrier aIncluye referencias bibliográficas. 0aBiotecnología. 0aInvestigación. 0aMejoramiento genético 0aPalma de aceite1 aClavijo L., Ingrid V.1 aVives F., Martha J.1 aCorporación Centro de Investigación en Palma de Aceite, Cenipalma [Colombia]0 aCeniavances (Colombia)gNo. 161 (Mayo 2008), p.1-4wA-x0123-8353